000170314 001__ 170314
000170314 005__ 20260410165451.0
000170314 0247_ $$2doi$$a10.1051/proc/201236015
000170314 0248_ $$2sideral$$a88191
000170314 037__ $$aART-2012-88191
000170314 041__ $$aeng
000170314 100__ $$0(orcid)0000-0003-4055-3390$$aLópez-Ruiz, R$$uUniversidad de Zaragoza
000170314 245__ $$aExponential wealth distribution : a new approach from functional iteration theory
000170314 260__ $$c2012
000170314 5203_ $$aDifferent approaches are possible in order to derive the exponential regime in statistical systems. Here, a new functional equation is proposed in an economic context to explain the wealth exponential distribution. Concretely, the new iteration [1] given by Mathematical equation: [ecuación]

It is found that the exponential distribution is a stable fixed point of this functional iteration equation. From this point of view, it is easily understood why the exponential wealth distribution (or by extension, other kind of distributions) is asymptotically obtained in different multi-agent economic models.
000170314 540__ $$9info:eu-repo/semantics/closedAccess$$aAll rights reserved$$uhttp://www.europeana.eu/rights/rr-f/
000170314 655_4 $$ainfo:eu-repo/semantics/article$$vinfo:eu-repo/semantics/publishedVersion
000170314 700__ $$aLópez, JL
000170314 700__ $$aCalbet, X
000170314 7102_ $$15007$$2075$$aUniversidad de Zaragoza$$bDpto. Informát.Ingenie.Sistms.$$cÁrea Ciencia Comput.Intelig.Ar
000170314 773__ $$g36 (2012), 189-196$$pESAIM. Proc. Surv.$$tESAIM: Proceedings and Surveys$$x2267-3059
000170314 8564_ $$s504831$$uhttps://zaguan.unizar.es/record/170314/files/texto_completo.pdf$$yVersión publicada
000170314 8564_ $$s1652614$$uhttps://zaguan.unizar.es/record/170314/files/texto_completo.jpg?subformat=icon$$xicon$$yVersión publicada
000170314 909CO $$ooai:zaguan.unizar.es:170314$$particulos$$pdriver
000170314 951__ $$a2026-04-10-13:46:24
000170314 980__ $$aARTICLE